Eastern Utah Libraries Catalog: Duchesne, Heber, Roosevelt, & Vernal

Visual explanations : (Record no. 263435)

MARC details
000 -LEADER
fixed length control field 01839nam a2200493 a 4500
001 - CONTROL NUMBER
control field ocm36234417
003 - CONTROL NUMBER IDENTIFIER
control field OCoLC
005 - DATE AND TIME OF LATEST TRANSACTION
control field 20200320181332.0
008 - FIXED-LENGTH DATA ELEMENTS--GENERAL INFORMATION
fixed length control field 970121s1997 ctuab b 001 0 eng
010 ## - LIBRARY OF CONGRESS CONTROL NUMBER
LC control number 97127584
019 ## -
-- 38179324
-- 56213698
020 ## - INTERNATIONAL STANDARD BOOK NUMBER
International Standard Book Number 0961392126
020 ## - INTERNATIONAL STANDARD BOOK NUMBER
Terms of availability 40.00
029 1# - (OCLC)
OCLC library identifier NLGGC
System control number 155808397
040 ## - CATALOGING SOURCE
Original cataloging agency DLC
Transcribing agency DLC
Modifying agency DID
-- DAY
-- QIP
-- VET
-- MUQ
-- BAKER
-- TBS
-- NLGGC
-- UBA
-- WACOL
049 ## - LOCAL HOLDINGS (OCLC)
Holding library WACL
050 00 - LIBRARY OF CONGRESS CALL NUMBER
Classification number P93.5
Item number .T846 1997
082 00 - DEWEY DECIMAL CLASSIFICATION NUMBER
Classification number 302.23
Edition number 21
084 ## - OTHER CLASSIFICATION NUMBER
Classification number 05.19
Source of number bcl
092 ## - LOCALLY ASSIGNED DEWEY CALL NUMBER (OCLC)
Classification number 302.23
Item number Tuf
096 ## - LOCALLY ASSIGNED NLM-TYPE CALL NUMBER (OCLC)
Classification number WW 105 T914 1997
100 1# - MAIN ENTRY--PERSONAL NAME
Personal name Tufte, Edward R.,
Dates associated with a name 1942-
9 (RLIN) 5834453
245 10 - TITLE STATEMENT
Title Visual explanations :
Remainder of title images and quantities, evidence and narrative /
Statement of responsibility, etc Edward R. Tufte.
260 ## - PUBLICATION, DISTRIBUTION, ETC. (IMPRINT)
Place of publication, distribution, etc Cheshire, Conn. :
Name of publisher, distributor, etc Graphics Press,
Date of publication, distribution, etc c1997.
300 ## - PHYSICAL DESCRIPTION
Extent 156 p. :
Other physical details ill. (some col.), maps (some col.) ;
Dimensions 28 cm.
504 ## - BIBLIOGRAPHY, ETC. NOTE
Bibliography, etc Includes bibliographical references and index.
650 #0 - SUBJECT ADDED ENTRY--TOPICAL TERM
Topical term or geographic name as entry element Visual communication.
9 (RLIN) 5834454
650 #2 - SUBJECT ADDED ENTRY--TOPICAL TERM
Topical term or geographic name as entry element Pattern Recognition, Visual.
9 (RLIN) 5834455
650 #2 - SUBJECT ADDED ENTRY--TOPICAL TERM
Topical term or geographic name as entry element Visual perception.
9 (RLIN) 93590
650 #6 - SUBJECT ADDED ENTRY--TOPICAL TERM
Topical term or geographic name as entry element Communication visuelle.
9 (RLIN) 5834456
650 #6 - SUBJECT ADDED ENTRY--TOPICAL TERM
Topical term or geographic name as entry element Communication non-verbale.
9 (RLIN) 5834457
650 #6 - SUBJECT ADDED ENTRY--TOPICAL TERM
Topical term or geographic name as entry element Perception visuelle.
9 (RLIN) 5834458
650 17 - SUBJECT ADDED ENTRY--TOPICAL TERM
Topical term or geographic name as entry element Visuele informatie.
Source of heading or term gtt
9 (RLIN) 5834459
650 17 - SUBJECT ADDED ENTRY--TOPICAL TERM
Topical term or geographic name as entry element Presentatie.
Source of heading or term gtt
9 (RLIN) 5834460
650 17 - SUBJECT ADDED ENTRY--TOPICAL TERM
Topical term or geographic name as entry element Beeldcommunicatie.
Source of heading or term gtt
9 (RLIN) 5834461
650 #7 - SUBJECT ADDED ENTRY--TOPICAL TERM
Topical term or geographic name as entry element Processamento gráfico.
Source of heading or term larpcal
9 (RLIN) 5834462
650 #7 - SUBJECT ADDED ENTRY--TOPICAL TERM
Topical term or geographic name as entry element Computação gráfica.
Source of heading or term larpcal
9 (RLIN) 5834463
856 42 - ELECTRONIC LOCATION AND ACCESS
Materials specified Book review (H-Net)
Uniform Resource Identifier <a href="http://www.h-net.org/review/hrev-a0a5c3-aa">http://www.h-net.org/review/hrev-a0a5c3-aa</a>
938 ## -
-- Baker & Taylor
-- BKTY
-- 45.00
-- 49.95
-- 0961392126
-- 0002984927
-- active
942 ## - ADDED ENTRY ELEMENTS (KOHA)
Koha item type BOOK
948 ## - LOCAL PROCESSING INFORMATION (OCLC); SERIES PART DESIGNATOR (RLIN)
Series part designator, SPT (RLIN) 08/23/2006
z (OCLC) Sirsi
994 ## -
-- 02
-- WACOL
996 ## -
-- 50191
-- 34301000526691
-- NF
-- bk
-- wcl
-- i
-- 1
-- 45.00
-- Gift
-- 302.23 Tuf
-- 08/23/2006
-- 11/20/2019
-- 10/30/2019
Holdings
Withdrawn status Lost status Source of classification or shelving scheme Damaged status Not for loan Collection code Home library Current library Shelving location Date acquired Source of acquisition Cost, normal purchase price Total Checkouts Full call number Barcode Date last seen Date checked out Cost, replacement price Price effective from Koha item type
    Dewey Decimal Classification     General NonFiction Wasatch County Library Wasatch County Library Second Floor 08/23/2006 Donation 45.00 1 302.23 Tuf 34301000526691 03/03/2026 10/30/2019 45.00 03/20/2020 BOOK
This project was made possible through a grant from the Institute of Museum and Library Service administered by the Utah State Library Division.

Wasatch County Library

  • 465 East 1200 South, Heber City, Utah 84032
  • Phone 435-654-1511 | Fax 435-654-6456

Hours

  • Monday - Friday 9:30 AM - 8:00 PM
  • Saturday 9:30 AM - 1:30 PM
  • Closed Sundays and Holidays